| 000 | 00528nam a22001937a 4500 | ||
|---|---|---|---|
| 005 | 20250724143118.0 | ||
| 010 | _aENG-146120 | ||
| 020 |
_a9789395474658 _c2995.00 |
||
| 035 | _aEN-129652 | ||
| 037 | _bDBAD | ||
| 082 |
_aS _21 |
||
| 100 |
_aBeck, Brenda E.F. _983291 |
||
| 245 |
_aHidden Paradigms/ _cBrenda E.F. Beck |
||
| 250 | _a1 | ||
| 260 |
_aNew Delhi _bSanctum Books _c2025 |
||
| 270 |
_a68 Medical Association Road, Darya Ganj _bNew Delhi _e110002 |
||
| 300 |
_a470p. _c22cm(hb) _bIndex |
||
| 942 |
_cEN _hS _2ddc _mBEC |
||
| 999 |
_c212571 _d212571 |
||